00270nmm a2200109 a 4500003000900000005001700009008004100026040001300067100002200080245003500102260002300137AR-BaBNM20251128203104.0023119s1959 ||||||||||||||000 | spa|| cAR-BaBNM1 aFoster, Harold E.10aEl principe valiente en el mar a[S.l.]bAcmec1959